000 00500nam a2200169Ia 4500
008 090711s9999 xx 000 0 und d
082 _b65121
100 _aपाध्ये भाऊ
245 _aथोडी सी जो पी ली
260 _c1988
300 _a164
600 _aपाध्ये भाऊ
630 _aथोडी सी जो पी ली
700 _aपाध्ये भाऊ
730 _aथोडी सी जो पी ली
942 _cBOOK
999 _c310037
_d310037